000 01355cam a22003374a 4500
001 13226138
003 NUST-PNEC
005 20170116180709.0
008 030605s2004 flua b 001 0 eng
010 _a 2003055215
020 _a0849315875
040 _cPNEC
042 _apcc
050 0 0 _aTA151
_b.C76 2004
082 0 0 _a620.002 DOR
_221
100 _9105
_aDorf, Richard C.
245 0 0 _aCRC handbook of engineering tables /
_ceditor-in-chief, Richard C. Dorf.
260 _aBoca Raton, FL :
_bCRC Press,
_cc2004.
300 _a1 v. (various pagings) :
_bill. ;
_c26 cm.
440 0 _aElectrical engineering handbook series
500 _aIncludes Index http://www.worldcat.org/title/crc-handbook-of-engineering-tables/oclc/52424151&referer=brief_results
504 _aIncludes bibliographical references and index.
650 0 _aEngineering
_vTables.
651 _xME
700 1 _aDorf, Richard C.
856 4 2 _3Book review (E-STREAMS)
_uhttp://www.e-streams.com/es0709/es0709_3521.html
856 4 2 _3Publisher description
_uhttp://www.loc.gov/catdir/enhancements/fy0646/2003055215-d.html
906 _a7
_bcbc
_corignew
_d1
_eocip
_f20
_gy-gencatlg
942 _2ddc
_cBK
999 _c60886
_d60886